Environmental economics theory and policy in equilibrium
Na minha lista:
| Autor principal: | |
|---|---|
| Formato: | Livro |
| Idioma: | inglês |
| Publicado em: |
Berlin
Springer
2012
|
| Colecção: | Springer texts in business and economics
|
| Assuntos: | |
| Tags: |
Sem tags, seja o primeiro a adicionar uma tag!
|
MARC
| LEADER | 00000nam a2200000 4500 | ||
|---|---|---|---|
| 001 | 0229295 | ||
| 005 | 20240314085716.4 | ||
| 020 | |a 978-3-642-27042-0 | ||
| 022 | |a 2192-4333 | ||
| 041 | 0 | |a eng | |
| 044 | |a DE | ||
| 245 | 1 | 0 | |a Environmental economics |b theory and policy in equilibrium |c Hans Wiesmeth ; with contributions by: Judith Marquardt |
| 264 | 1 | |a Berlin |b Springer |c 2012 | |
| 300 | |a 307 s. | ||
| 490 | 1 | |a Springer texts in business and economics | |
| 830 | 0 | |a Springer texts in business and economics | |
| 610 | 2 | 0 | |a ekonomika environmentálna |
| 610 | 2 | 0 | |a politika environmentálna |
| 610 | 2 | 0 | |a ekológia |
| 610 | 2 | 0 | |a problémy globálne |
| 100 | 1 | |a Wiesmeth, Hans | |